Cómo fijar precios de venta con efectividad (Registro nro. 12915)

Detalles MARC
000 -LEADER
fixed length control field 00312 a2200109 4500
001 - CONTROL NUMBER
control field ART_59873
005 - DATE AND TIME OF LATEST TRANSACTION
control field 20260410161636.0
008 - FIXED-LENGTH DATA ELEMENTS--GENERAL INFORMATION
fixed length control field 260409a
100 1# - MAIN ENTRY--PERSONAL NAME
Personal name Smolje, Alejandro R.
245 10 - TITLE STATEMENT
Title Cómo fijar precios de venta con efectividad
773 0# - HOST ITEM ENTRY
Title Enfoques
Related parts - N° 11 (nov. 2023)
Record control number REV416

No hay ítems disponibles.